| 000 | 00395pab a2200157 454500 | ||
|---|---|---|---|
| 008 | 180718b2005 xxu||||| |||| 00| 0 eng d | ||
| 100 | _aNayar, P.K.B. | ||
| 245 | _aMedicalisation of old age: a matter of concern for older persons | ||
| 260 | _c2005 | ||
| 300 | _ap.13-20. | ||
| 362 | _aMay | ||
| 650 | _aOld age | ||
| 650 | _aElderly | ||
| 773 | _aResearch and Development | ||
| 909 | _a65722 | ||
| 999 |
_c65722 _d65722 |
||